<?xml version="1.0" encoding="UTF-8"?><?xml-stylesheet type="text/xsl" href="static/style.xsl"?><OAI-PMH xmlns="http://www.openarchives.org/OAI/2.0/" xmlns:xsi="http://www.w3.org/2001/XMLSchema-instance" xsi:schemaLocation="http://www.openarchives.org/OAI/2.0/ http://www.openarchives.org/OAI/2.0/OAI-PMH.xsd"><responseDate>2026-04-17T08:02:52Z</responseDate><request verb="GetRecord" identifier="oai:www.recercat.cat:2445/170594" metadataPrefix="marc">https://recercat.cat/oai/request</request><GetRecord><record><header><identifier>oai:recercat.cat:2445/170594</identifier><datestamp>2025-12-05T05:33:41Z</datestamp><setSpec>com_2072_1057</setSpec><setSpec>col_2072_478857</setSpec><setSpec>col_2072_478917</setSpec></header><metadata><record xmlns="http://www.loc.gov/MARC21/slim" xmlns:dcterms="http://purl.org/dc/terms/" xmlns:xsi="http://www.w3.org/2001/XMLSchema-instance" xmlns:doc="http://www.lyncode.com/xoai" xsi:schemaLocation="http://www.loc.gov/MARC21/slim http://www.loc.gov/standards/marcxml/schema/MARC21slim.xsd">
   <leader>00925njm 22002777a 4500</leader>
   <datafield ind2=" " ind1=" " tag="042">
      <subfield code="a">dc</subfield>
   </datafield>
   <datafield ind2=" " ind1=" " tag="720">
      <subfield code="a">Bada, Joan, 1937-</subfield>
      <subfield code="e">author</subfield>
   </datafield>
   <datafield ind2=" " ind1=" " tag="720">
      <subfield code="a">Junyent i Rafart, Josep, 1930-1993</subfield>
      <subfield code="e">author</subfield>
   </datafield>
   <datafield ind2=" " ind1=" " tag="260">
      <subfield code="c">2020-09-14T13:02:01Z</subfield>
   </datafield>
   <datafield ind2=" " ind1=" " tag="260">
      <subfield code="c">2020-09-14T13:02:01Z</subfield>
   </datafield>
   <datafield ind2=" " ind1=" " tag="260">
      <subfield code="c">1994</subfield>
   </datafield>
   <datafield ind2=" " ind1=" " tag="260">
      <subfield code="c">2020-09-14T13:02:02Z</subfield>
   </datafield>
   <datafield ind2=" " ind1=" " tag="520">
      <subfield code="a">Malgrat que pugui sonar tòpic, permeteu-me en començar aquestes paraules que manifesti el meu agraïment al senyor bisbe de Vic, i als presi­dents de la Fundació Jaume I i del Patronat d'Estudis Osonencs, per haver estat convidat a pronunciar-les. Ho faig com a petit però cordial homenat­ge a Mn. Josep Junyent i Rafart, amb qui el 18 de gener de 1967 vaig tenir el goig de compartir la taula, abans de prendre part en un dels primers actes ecumènics postconciliars a l'Església Evangèlica de Manresa. A par­tir d'aquell moment les nostres vides no es van entrecreuar massa vegades però sempre que van fer-ho, la darrera ja molt a prop del seu traspàs, van estar plenes de cordialitat i de sintonia.</subfield>
   </datafield>
   <datafield tag="653" ind2=" " ind1=" ">
      <subfield code="a">Exorcisme</subfield>
   </datafield>
   <datafield tag="653" ind2=" " ind1=" ">
      <subfield code="a">Exorcism</subfield>
   </datafield>
   <datafield tag="653" ind2=" " ind1=" ">
      <subfield code="a">Verdaguer, Jacint, 1845-1902</subfield>
   </datafield>
   <datafield ind2="0" ind1="0" tag="245">
      <subfield code="a">A l'entorn de Manuscrits verdaguerians de revelacions, exorcismes i visions de Mossèn Josep Junyent i Rafart</subfield>
   </datafield>
</record></metadata></record></GetRecord></OAI-PMH>